| 000 | 00445nam a2200181Ia 4500 | ||
|---|---|---|---|
| 008 | 230524s9999 xx 000 0 und d | ||
| 020 | _a8188429589 | ||
| 082 |
_a621.3192 _bMAN |
||
| 100 |
_aB.V.Manikandan _96239 |
||
| 245 | 0 | _aElectrical Mechanics and Drives | |
| 250 | _a1ST | ||
| 260 |
_aNEW DELHI _bScitech _c2004 |
||
| 300 | _aXI;174 | ||
| 500 | _aQuantity Number: 1 | ||
| 650 | _aElectrical | ||
| 700 |
_a I Kthir _96240 |
||
| 942 | _cBK | ||
| 999 |
_c8756 _d8756 |
||